[Event "Almeria-ch Juvenil"]
[Site "Almeria"]
[Date "2011.01.23"]
[Round "3.6"]
[White "Cabrera Valverde, Cristina"]
[Black "Gutierrez Gutierrez, Carlos"]
[Result "1-0"]
[WhiteElo "1405"]
[BlackElo "1564"]
[PlyCount "43"]
[EventDate "2011.01.22"]
[EventType "swiss"]
[EventRounds "6"]
[EventCountry "ESP"]
[SourceTitle "EXT 2024"]
[Source "ChessBase"]
[SourceDate "2023.10.10"]
[SourceVersion "1"]
[SourceVersionDate "2023.10.10"]
[SourceQuality "1"]

1. e4 d6 2. d4 Nf6 3. Nc3 g6 4. Nf3 Bg7 5. Bc4 0-0 6. Bb3 Nbd7 7. h3 c5 8. 0-0 cxd4 9. Nxd4 Nc5 10. Re1 Nxb3 11. axb3 a6 12. Be3 Bd7 13. Qd2 Qc7 14. Bh6 Rac8 15. Bxg7 Kxg7 16. Re3 e5 17. Nf5+ gxf5 18. Rg3+ Kh8 19. Qg5 Nd5 20. Nxd5 Qd8 21. Ne7 f6 22. Qg8+ 1-0